Memorandum de la Revolución de 1891: Datos para la Historia recopilados por un Ayudante del Estado Mayor Jeneral del Ejército de Chile
Guardat en:
| Autor principal: | |
|---|---|
| Autor corporatiu: | |
| Format: | Llibre |
| Idioma: | espanyol |
| Publicat: |
Santiago
Imprenta Cervantes
1892
|
| Edició: | 1a. ed |
| Matèries: | |
| Etiquetes: |
Afegir etiqueta
Sense etiquetes, Sigues el primer a etiquetar aquest registre!
|
MARC
| LEADER | 00000nam a2200000 a 4500 | ||
|---|---|---|---|
| 001 | UCJ3716 | ||
| 003 | CL-VaPUC | ||
| 008 | 070124e18920000CL |||||||||||||||||spa|d | ||
| 082 | 0 | 4 | |a 983 |b ROJ |2 21 |
| 100 | 0 | |a Rojas Arancibia, Carlos |e author |9 444859 | |
| 110 | 2 | |a Estado Mayor General del Ejército |e author |9 505981 | |
| 245 | 1 | 0 | |a Memorandum de la Revolución de 1891: Datos para la Historia recopilados por un Ayudante del Estado Mayor Jeneral del Ejército de Chile |
| 250 | |a 1a. ed | ||
| 300 | |a 530 p | ||
| 942 | |c BK | ||
| 945 | |d 20070124 00:00:00 |a rinostro | ||
| 260 | |a Santiago |b Imprenta Cervantes |c 1892 | ||
| 500 | |a Contiene numerosos anexos documentales relativos al tema tratado. Advierte errata | ||
| 600 | 0 | |a Balmaceda Fernández, José Manuel, |d 1840-1891 |9 315369 | |
| 650 | 0 | |a Presidentes de Chile |9 268293 | |
| 650 | 7 | |a GUERRA CIVIL DE 1891 |2 CL-VaPUC |9 408173 | |
| 650 | 7 | |a DOCUMENTOS OFICIALES |2 CL-VaPUC |9 505982 | |
| 650 | 0 | |a Amnistía política |9 505983 | |
| 650 | 0 | |a Derecho constitucional |9 222588 | |
| 650 | 7 | |a CONFLICTO DE PODERES |2 CL-VaPUC |9 504182 | |
| 650 | 7 | |a FUENTES |2 CL-VaPUC |9 255666 | |
| 583 | |a last modification |c 20070124 00:00:00 |k Rodrigo Vera | ||
| 999 | |c 319838 |d 319836 | ||
| 952 | |0 0 |1 0 |4 0 |6 983_000000000000000_ROJ_1892 |7 0 |8 X |9 398233 |a FDOBUD |b FDOBUD |d 2019-11-22 |i 1007408 |o 983 ROJ 1892 |p 1007408 |r 2019-11-22 |w 2019-11-22 |y BK_X |k BUD | ||
| 952 | |0 0 |1 0 |4 0 |6 983_000000000000000_ROJ_1892 |7 0 |8 X |9 398234 |a FDOBUD |b FDOBUD |d 2019-11-22 |i 1032615 |o 983 ROJ 1892 |p 1032615 |r 2019-11-22 |w 2019-11-22 |y BK_X |k BUD | ||